000 00728nam a2200265Ia 4500
001 20153
005 20240114000504.0
007 ta
008 060220s1994 a g b000 u 465 u
020 _a81-7381-008-7
040 _aCotton College,Assam
041 _a465
082 _a530.13
_bDa 26 Fu
100 _aDasgupta, Asok Kumar .
245 0 _aFundamentals of Statistical Mechanics /
_cAsok Kumar Dasgupta.
_hTextual Documents
250 _a1st ed. /
260 _aCalcutta :
_bNew Central Book Agency ,
_c1994.
300 _aii,30p. :
_bill ;
_c22cm .
504 _aIndex
653 _aStatistical Mechanics
653 _aG-Physics
942 _2ddc
_cBK
999 _c20135
_d20135